Movie Posters Quiz Stats

 Plays Quiz Updated Oct 5, 2020

Support Sporcle.
Go Orange.
Score 0/24 Timer 06:00
101 Plays Today
% Correct
Twilight
95.5%
Terminator
93%
300
91.1%
The Matrix
89.9%
Saving Private Ryan
88.6%
The Dark Knight
84.7%
Back to the Future
84.1%
Braveheart
83%
Top Gun
82%
The Nightmare Before Christmas
77.5%
Beauty and the Beast
76.7%
The Breakfast Club
76.4%
% Correct
The Silence of the Lambs
75.3%
Tropic Thunder
72.5%
Office Space
61.9%
Face/Off
61.3%
The Wrestler
55.9%
Amelie
49.3%
Footloose
49.1%
The Big Lebowski
48%
The Shawshank Redemption
46.9%
Amadeus
25.5%
The Fly
20.7%
Ladyhawke
10.4%

You're not logged in!

Compare scores with friends on all Sporcle quizzes.
OR
Log In
Forgot?

From the Vault

Sporcle's Easiest World Cup Teams (per Letter)

by Flick

Sports 3m
Since when has winning the World Cup ever been easy?
Remove Ads.
Support Sporcle.
Get the best of Sporcle when you Go Orange. This ad-free experience offers more features, more stats, and more fun while also helping to support Sporcle. Thank you for becoming a member.

Show Comments

Extras

Top Quizzes Today


Score Distribution

Your Account Isn't Verified!

In order to create a playlist on Sporcle, you need to verify the email address you used during registration. Go to your Sporcle Settings to finish the process.

Report this User

Report this user for behavior that violates our Community Guidelines.

Details: